Indovina la marca d'abbigliamento #1 - Statistics

Statistiche generali
  • Questo quiz è stato fatto 152 volte
  • Il punteggio medio è 11 su 16
Statistiche sulle risposte
con Immagini Risposta % Corretto
Adidas
99%
Nike
95%
Puma
94%
Calvin Klein
92%
Supreme
91%
Levi’s
80%
Vans
77%
Benetton
71%
Jack and Jones
59%
Moncler
51%
Ralph Lauren
50%
Tommy Hilfiger
49%
GUESS
48%
Dior
44%
Napapijri
29%
Bershka
24%
Nessun quiz corrispondente trovato
Distribuzione punteggi
Percentuale di utenti per punteggio
Percentile per numero di risposta
I tuoi punteggi nel tempo
Non hai fatto questo quiz